Statystyki dla Czy zgadniesz jakiego kraju jest ta flaga? (lvl. łatwy)

Kliknij tutaj aby rozwiązać quiz!

Ogólne statystyki

  • Ten quiz został rozwiązany 537 razy
  • Średni wynik to 14 z 15

Statystyki odpowiedzi

Odpowiedź% Poprawnych
Niemcy
100%
Stany Zjednoczone
100%
Czechy
99%
Chiny
97%
Francja
94%
Brazylia
93%
Japonia
93%
Kanada
93%
Włochy
92%
Rumunia
91%
Chorwacja
89%
Meksyk
88%
Norwegia
88%
Rosja
88%
Holandia
86%

Rozkład punktacji

Percentyl według liczby udzielonych odpowiedzi

Procent ludzi z każdym wynikiem

Twoja historia wyników

Nie rozwiązałeś tego quizu